Možnosti oživenia a rozvoja okresu Rožňava
Z iniciatívy vlády a podpory predstaviteľov okresu bol vytvorený projekt Oživenie a rozvoj okresu Rožňava. Dôsledná realizácia pilotného projektu. Základné stratégie rozvoja. Riadiace ciele a úlohy zamerané na podnietenie dynamiky rozvoja okresu. Návrh algoritmu. Vytvorenie strategických obchodných...
Salvato in:
| Autore principale: | |
|---|---|
| Natura: | Capitolo di libro |
| Lingua: | slovacco |
| Soggetti: | |
| Tags: |
Nessun Tag, puoi essere il primo ad aggiungerne!!
|
MARC
| LEADER | 00000naa a2200000 4500 | ||
|---|---|---|---|
| 001 | r019431 | ||
| 005 | 20221205101611.0 | ||
| 041 | 0 | |a slo | |
| 044 | |a SK | ||
| 245 | 1 | 0 | |a Možnosti oživenia a rozvoja okresu Rožňava |c P. Gallo |
| 520 | |a Z iniciatívy vlády a podpory predstaviteľov okresu bol vytvorený projekt Oživenie a rozvoj okresu Rožňava. Dôsledná realizácia pilotného projektu. Základné stratégie rozvoja. Riadiace ciele a úlohy zamerané na podnietenie dynamiky rozvoja okresu. Návrh algoritmu. Vytvorenie strategických obchodných odvetví a obvodov, systém monitoringu a controllingu. Vytvorenie zdrojov rozvoja okresu. Politika v oblasti produktov a podpory podnikania. | ||
| 610 | 2 | 0 | |a politika regionálna |
| 610 | 2 | 0 | |a okresy |
| 610 | 2 | 0 | |a Slovensko |
| 610 | 2 | 0 | |a Rožňava |
| 610 | 2 | 0 | |a projekty |
| 610 | 2 | 0 | |a rozvoj hospodársky |
| 610 | 2 | 0 | |a podpora podnikania |
| 100 | 1 | |a Gallo, P. | |